The international bibliography of rice research : 1981 supplement
This bibliography is a continuation of the International Bibliography of Rice Research, 1951-1960, and the 1961-1980 Supplements. It contains references published in 1981, plus those published from 1971 to 1980 which were not included in the respective supplements
Saved in:
| Corporate Authors: | , |
|---|---|
| Format: | Book |
| Language: | Undetermined |
| Published: |
Manila, Philippines
Library and Documentation Center, International Rice Research Institute
1982
|
| Subjects: | |
| Tags: |
Add Tag
No Tags, Be the first to tag this record!
|
| Institutions: | Trung tâm Học liệu Trường Đại học Cần Thơ |
|---|
| LEADER | 00999nam a2200229Ia 4500 | ||
|---|---|---|---|
| 001 | CTU_122919 | ||
| 008 | 210402s9999 xx 000 0 und d | ||
| 082 | |a 016.63318 | ||
| 082 | |b I.61 | ||
| 110 | |a International Rice Research Institute. | ||
| 110 | |b Library and Documentation Center | ||
| 245 | 4 | |a The international bibliography of rice research : | |
| 245 | 0 | |b 1981 supplement | |
| 245 | 0 | |c compiled by Milagros Zamora | |
| 260 | |a Manila, Philippines | ||
| 260 | |b Library and Documentation Center, International Rice Research Institute | ||
| 260 | |c 1982 | ||
| 520 | |a This bibliography is a continuation of the International Bibliography of Rice Research, 1951-1960, and the 1961-1980 Supplements. It contains references published in 1981, plus those published from 1971 to 1980 which were not included in the respective supplements | ||
| 650 | |a Rice | ||
| 650 | |x Bibliography,Catalogs | ||
| 904 | |i Hiếu, Huynh Mai | ||
| 980 | |a Trung tâm Học liệu Trường Đại học Cần Thơ | ||